000 00954cab a2200265 4500
001 ABS45661
008 090401t1991 xxu||||| |||| 00| 0 eng d
035 _a(Sirsi) u54323
041 _aeng
100 _aFogden, M.
245 _aFactors affecting agricultural rental growth and reasons for the differing trends in the dairy and arable sector
260 _c1991
350 _a0
490 _aRent Review & Lease Renewal
_v12(1) Autumn 1991, 37-43(7)
520 _aCites the Agricultural Holdings Act 1986, institutional land ownership, Britain`s entry into the EEC and commitment to the CAP as responsible for changes in agricultural rent trends.
650 _aAGRICULTURAL RENTS
650 _aAGRICULTURE
650 _aECONOMICS
650 _aALL ITEMS RETAIL PRICES INDEX
690 _aLANDLORD AND TENANT-AGRICULTURAL TENANCIES
690 _aRATING AND VALUATION
690 _aRURAL PRACTICE
942 _n0
948 _c04/03/1997
999 _c33296
_d33296